Niektoré technologické inovácie v špeciálnej pedagogike
Salvato in:
| Natura: | Libro |
|---|---|
| Lingua: | slovacco |
| Pubblicazione: |
Bratislava :
SAPIENTIA,
2007
|
| Tags: |
Nessun Tag, puoi essere il primo ad aggiungerne!!
|
MARC
| LEADER | 00000nam a22000003a 4500 | ||
|---|---|---|---|
| 001 | stu262978 | ||
| 005 | 20150408162136.9 | ||
| 008 | 130222s--------xo------------------slo-d | ||
| 020 | |a 978-80-89229-10-9 | ||
| 040 | |a STU |b slo | ||
| 041 | 0 | |a slo | |
| 044 | |a xo | ||
| 245 | |a Niektoré technologické inovácie v špeciálnej pedagogike | ||
| 260 | |a Bratislava : |b SAPIENTIA, |c 2007 | ||
| 996 | |c I*Z7307 |l I |s A |a 24 |w stu262978_0001 | ||